| 000 | 01813nam a22002417a 4500 | ||
|---|---|---|---|
| 003 | DO-SdBNP | ||
| 005 | 20210907160018.0 | ||
| 007 | ta | ||
| 008 | 210907e2017 a|||| |||| 001 0 spa d | ||
| 040 |
_aDO-SdBNP _bspa _cBNPHU |
||
| 082 | 4 |
_222 _a373.011 _bR426d |
|
| 110 |
_976280 _aRepública Dominicana. _bMinisterio de Educación. Viceministerio de Servicios Técnicos y Pedagógicos. _eProceso de revisión y actualización curricular / |
||
| 245 | 1 | 0 |
_aDiseño curricular nivel secundario : _bmodalidad académica segundo ciclo 4to, 5to y 6to versión preliminar para revisión y retroalimentación / _cMinisterio de Educación |
| 260 |
_aSanto Domingo : _bMINERD, _c2017. |
||
| 300 |
_a617 p. : _bil.; _c27 cm. |
||
| 500 | _aIncluye índice. | ||
| 505 |
_aPrimera parte. _t1. Nivel Secundario -- _t2. Componentes del diseño curricular-- _t3. Perfil de egreso -- _t4Competencias fundamentales y niveles de dominio correspondientes a la educación secundaria -- _t5. Estrategias para la articulación de las áreas de conocimiento -- _t6. Perfil del y la docente del nivel secundario -- _t7. Centro Educativo -- _t8. La orientación educativa -- |
||
| 505 |
_aSegunda parte _tLengua Española 1er. 2do. 3er. grado -- _tLenguas Extranjeras( Inglés) 1er. 2do. 3er. grado -- _tLenguas Extranjeras( Francés) 1er. 2do. 3er. grado -- _tMatemática 1er. 2do. 3er. grado -- _tCiencias Sociales 1er. 2do. 3er. grado -- _tCiencias de la Naturaleza 1er. 2do. 3er. grado -- _tEducación Artística 1er. 2do. 3er. grado -- _tEducación Artística 1er. 2do. 3er. grado -- _tEducación Física 1er. 2do. 3er. grado -- _tFormación Integral Humana y Religiosa 1er. 2do. 3er. grado -- |
||
| 590 | _aInventariado, 2021 / SA | ||
| 650 | 4 |
_979439 _aDiseño curricular _zRepública Dominicana |
|
| 910 | _aSaquino | ||
| 942 |
_2ddc _cLBS1 |
||
| 999 |
_c50444 _d50444 |
||